Library Banner

Islam (Record no. 46692)

MARC details
000 -LEADER
fixed length control field 00460nam a2200181Ia 4500
001 - CONTROL NUMBER
control field 48903
008 - FIXED-LENGTH DATA ELEMENTS--GENERAL INFORMATION
fixed length control field 140430s9999 xx 000 0 und d
020 ## - INTERNATIONAL STANDARD BOOK NUMBER
International Standard Book Number 9789675062353
040 ## - CATALOGING SOURCE
Transcribing agency PK-LaUMT
082 ## - DEWEY DECIMAL CLASSIFICATION NUMBER
Classification number 297
Item number YUS-I
100 ## - MAIN ENTRY--PERSONAL NAME
Personal name Yusuf al-Qaradawi Feng
245 ## - TITLE STATEMENT
Title Islam
Remainder of title an introduction
Statement of responsibility, etc Yusuf al-Qaradawi Feng
260 ## - PUBLICATION, DISTRIBUTION, ETC. (IMPRINT)
Place of publication, distribution, etc Kuala Lampur,Malaysia:
Name of publisher, distributor, etc Islamic Book Trust,
Date of publication, distribution, etc 2010
300 ## - PHYSICAL DESCRIPTION
Extent 392 p.
546 ## - LANGUAGE NOTE
Language note EN
650 ## - SUBJECT ADDED ENTRY--TOPICAL TERM
Topical term or geographic name as entry element Islam
942 ## - ADDED ENTRY ELEMENTS (KOHA)
Koha item type Books
Holdings
Withdrawn status Lost status Damaged status Not for loan Home library Current library Date acquired Total Checkouts Full call number Barcode Date last seen Date checked out Price effective from Koha item type
        UMT Main Campus UMT Main Campus 2014-04-30 4 297 YUS-I 58269 2023-04-11 2023-04-11 2014-05-06 Books